[Event "Moscow PCA-op rapid"]
[Site "Moscow"]
[Date "1994.??.??"]
[Round "4"]
[White "Kharitonov, Andrei Y"]
[Black "Morozevich, Alexander"]
[Result "1-0"]
[WhiteElo "2535"]
[BlackElo "2590"]

1.d4 e6 2.c4 b6 3.Nc3 Bb7 4.a3 f5 5.d5 Nf6 6.g3 g6 7.Bg2 Bg7 8.Nf3 O-O 9.O-O Na6
10.Bf4 exd5 11.cxd5 Nc5 12.Rc1 Nfe4 13.Be5 Bh6 14.e3 d6 15.Bd4 Ba6 16.b4 Bxf1
17.Bxf1 Nxc3 18.Bxc3 Ne4 19.Ba1 Qe7 20.Rc2 Rf7 21.Nd4 Bg7 22.Nb5 Bxa1 23.Qxa1 a5
24.Rxc7 Qxc7 25.Nxc7 Rxc7 26.bxa5 Rxa5 27.Qb2 Rac5 28.Bd3 Ng5 29.Kg2 b5 30.h4 Nf7
31.Bxb5 Rc2 32.Qf6 Ne5 33.Bc6 Rf7 34.Qxd6 Ng4 35.Qf4 Rd2 36.d6 Rf6 37.e4 Rfxd6
38.Bd5+  1-0

[Event "Moscow m"]
[Site "Moscow"]
[Date "1994.??.??"]
[Round "5"]
[White "Moskalenko, Viktor"]
[Black "Morozevich, Alexander"]
[Result "1/2-1/2"]
[WhiteElo "2535"]
[BlackElo "2590"]

1.d4 d5 2.c4 Nc6 3.Nf3 Bg4 4.cxd5 Bxf3 5.gxf3 Qxd5 6.e3 e5 7.Nc3 Bb4 8.Bd2 Bxc3
9.bxc3 Qd6 10.Bg2 Nge7 11.f4 exf4 12.e4 O-O 13.e5 Qg6 14.O-O Nf5 15.Bxf4 Nh4
16.Bg3 Nxg2 17.Kxg2 Rad8 18.Qb1 f5 19.exf6 Qxf6 20.Kg1 h5 21.h4 Qf3 22.Qb3+ Rd5
23.Rae1 Na5 24.Qb4 Rdf5 25.Re3 Qg4 26.Qe7 c5 27.Qe4 Qxe4 28.Rxe4 cxd4 29.cxd4 Nc6
30.Be5 Rd8 31.Rb1 Rf7 32.Rb3 Rd5 33.Kg2 Kh7 34.Rf3 Rxf3 35.Kxf3 Kg6 36.Re3 Nxe5+
37.dxe5 Kf5 38.e6 Rd8 39.Rb3 b6 40.e7 Re8 41.Rb5+ Kf6 42.Rxh5 Rxe7 43.Rb5  1/2-1/2

[Event "Moscow ol (Men)"]
[Site "Moscow"]
[Date "1994.??.??"]
[Round "5"]
[White "Timman, Jan H"]
[Black "Morozevich, Alexander"]
[Result "1/2-1/2"]
[WhiteElo "2635"]
[BlackElo "2575"]

1.d4 d5 2.c4 Nc6 3.Nc3 dxc4 4.Nf3 Nf6 5.e3 e5 6.Bxc4 exd4 7.exd4 Bd6 8.O-O O-O
9.h3 h6 10.Re1 Bf5 11.Be3 a6 12.a3 Qd7 13.d5 Ne5 14.Bf1 Rfe8 15.Bd4 Nxf3+
16.Qxf3 Rxe1 17.Rxe1 Re8 18.Re3 Rxe3 19.fxe3 Bg6 20.Bxf6 gxf6 21.Qxf6 Qe8
22.Qd4 Qe7 23.Nd1  1/2-1/2

[Event "Moscow ol (Men)"]
[Site "Moscow"]
[Date "1994.??.??"]
[Round "6"]
[White "Campora, Daniel H"]
[Black "Morozevich, Alexander"]
[Result "1-0"]
[WhiteElo "2560"]
[BlackElo "2575"]

1.e4 c6 2.d4 d5 3.Nd2 dxe4 4.Nxe4 Nf6 5.Nxf6+ gxf6 6.c3 Bf5 7.Nf3 Nd7 8.g3 Nb6
9.Bg2 Qd7 10.O-O h5 11.a4 Bh3 12.Bxh3 Qxh3 13.a5 Nc8 14.a6 b6 15.d5 c5 16.Re1 Qd7
17.Nh4 Qg4 18.Qc2 Qd7 19.Bf4 Bh6 20.Ng6 Rg8 21.Nxe7 Nxe7 22.d6  1-0

[Event "Moscow m"]
[Site "Moscow"]
[Date "1994.??.??"]
[Round "6"]
[White "Morozevich, Alexander"]
[Black "Moskalenko, Viktor"]
[Result "1/2-1/2"]
[WhiteElo "2590"]
[BlackElo "2535"]

1.e4 e6 2.d4 d5 3.Nc3 Nf6 4.e5 Nfd7 5.Nce2 c5 6.c3 cxd4 7.cxd4 f6 8.Nf4 Bb4+
9.Bd2 Bxd2+ 10.Qxd2 Qe7 11.exf6 Nxf6 12.Bd3 Nc6 13.Nge2 O-O 14.O-O Bd7 15.Rad1 Qd6
16.Bb1 Rae8 17.Nd3 e5 18.dxe5 Nxe5 19.Nxe5 Rxe5 20.Nc3 Bc6 21.Qd4 a6 22.a3 Qe7
23.Ba2 Rd8 24.h3 h6 25.Rd3 Kh8 26.Rd2 Re8 27.Bb1 Rd8 28.Bd3 Rf8 29.Ne2 Ne4
30.Rc2 Bb5 31.Bxb5 axb5 32.f3 Ref5 33.Rd1 Ng5 34.Kh1 Ne6 35.Qb6 Qf7 36.Rcd2 Ng5
37.Ng1 Qd7 38.Qe3 Qc6 39.Rd3 Ne6 40.Ne2 Qd6 41.Qd2 Rd8 42.Qa5 Qd7 43.Nc3 d4
44.Ne2 Rd5 45.Qb4 Qc7 46.Qe1 Qe5 47.Qf2 Kg8 48.Kg1 Nf4 49.Nxf4 Qxf4 50.Re1 Re5
51.Red1 Red5 52.Re1 Re5 53.Red1  1/2-1/2

[Event "Moscow ol (Men)"]
[Site "Moscow"]
[Date "1994.??.??"]
[Round "8"]
[White "Oll, Lembit"]
[Black "Morozevich, Alexander"]
[Result "1-0"]
[WhiteElo "2615"]
[BlackElo "2575"]

1.e4 c5 2.Nf3 e6 3.d4 cxd4 4.Nxd4 Nc6 5.Nc3 d6 6.Be2 Nf6 7.f4 Be7 8.O-O O-O
9.Kh1 Qc7 10.Be3 a6 11.a4 Re8 12.Bd3 Nb4 13.Qe1 e5 14.fxe5 dxe5 15.Nf5 Bxf5
16.Rxf5 b5 17.axb5 axb5 18.Bg5 Qb6 19.h3 h6 20.Bh4 Rxa1 21.Qxa1 Nd7 22.Bxb5 Bxh4
23.Bxd7 Nxc2 24.Qa4 Qe3 25.Rf1 Rd8 26.Qxc2 Rxd7 27.Nd5 Qg3 28.b4 Bg5 29.b5 Kh7
30.b6 Bf4 31.Nxf4 exf4 32.e5+ g6 33.Qc6 Rd2 34.b7 Rf2 35.Rxf2 Qxf2 36.Qe4 Qb6
37.Qd5 Kg7 38.e6 Qe3 39.Qf3 Qe1+ 40.Kh2 Qe5 41.e7 Kf6 42.e8=Q  1-0

[Event "Moscow m"]
[Site "Moscow"]
[Date "1994.??.??"]
[Round "8"]
[White "Morozevich, Alexander"]
[Black "Moskalenko, Viktor"]
[Result "1/2-1/2"]
[WhiteElo "2590"]
[BlackElo "2535"]

1.e4 e6 2.d4 c5 3.Nf3 cxd4 4.Nxd4 Nf6 5.Nc3 Nc6 6.Ndb5 d6 7.Bf4 e5 8.Bg5 a6
9.Na3 b5 10.Bxf6 gxf6 11.Nd5 Bg7 12.Bd3 Ne7 13.Nxe7 Qxe7 14.O-O O-O 15.c4 f5
16.Qe2 Bb7 17.Rad1  1/2-1/2

[Event "Moscow ol (Men)"]
[Site "Moscow"]
[Date "1994.??.??"]
[Round "11"]
[White "Morozevich, Alexander"]
[Black "Ivanchuk, Vassily"]
[Result "1/2-1/2"]
[WhiteElo "2575"]
[BlackElo "2695"]

1.e4 c5 2.Nf3 Nc6 3.Bb5 g6 4.O-O Bg7 5.Qe2 e5 6.Qc4 b6 7.Bxc6 dxc6 8.Qc3 Qc7
9.a3 a5 10.d3 Ne7 11.Be3 O-O 12.Nbd2 Be6 13.b4 cxb4 14.axb4 axb4 15.Qxb4 c5
16.Qb5 Qc6 17.Qb2 f6 18.Rfb1 Rxa1 19.Rxa1 Nc8 20.Nb1 Rf7 21.c4 Rd7 22.Nc3 Rxd3
23.Nd5 f5 24.Ng5 Bxd5 25.cxd5 Qa4 26.h3 Rd1+ 27.Rxd1 Qxd1+ 28.Kh2 Qa4 29.Ne6 Bf6
30.Bg5 Kf7 31.exf5 gxf5 32.Qe2 Bxg5 33.Nxg5+ Kf6 34.Nxh7+ Kg7 35.Qxe5+ Kxh7
36.Qxf5+ Kg7 37.Qxc8  1/2-1/2

[Event "Moscow ol (Men)"]
[Site "Moscow"]
[Date "1994.??.??"]
[Round "13"]
[White "Nikolic, Predrag"]
[Black "Morozevich, Alexander"]
[Result "1/2-1/2"]
[WhiteElo "2655"]
[BlackElo "2575"]

1.d4 d5 2.Nf3 Nc6 3.g3 Bf5 4.Bg2 e6 5.O-O Nb4 6.Na3 Be7 7.c3 Na6 8.Qb3 Qc8
9.c4 c6 10.Bf4 Nf6 11.Rac1 O-O 12.Ne5 Rd8 13.Nc2 h6 14.Rfd1 Nc7 15.a3 a5
16.Qa2 a4 17.Bd2 Ne4 18.Be1 Bf6 19.Nb4 c5 20.Nbd3 cxd4 21.cxd5 exd5 22.Nf3 Ng5
23.Bb4 Nge6 24.Nc5 Qb8 25.Nxe6 Nxe6 26.b3 Qa7 27.Ne1 Be4 28.Nd3 Rac8 29.Rxc8 Rxc8
30.Bf1 b6 31.bxa4 Qxa4 32.Rc1 Rxc1 33.Nxc1 Qc6 34.Nd3 Qc4 35.Qb2 Ng5 36.Qb1 Qc8
37.Qb3 Qg4 38.Qd1 Qc8 39.h4 Ne6 40.Qa4 Bxh4 41.gxh4 Nc5 42.Bxc5 Qg4+ 43.Kh2 Qxh4+
44.Bh3 Bf5  1/2-1/2

[Event "Pamplona9495"]
[Site "Pamplona"]
[Date "1994.??.??"]
[Round "?"]
[White "Yudasin, Leonid"]
[Black "Morozevich, Alexander"]
[Result "1/2-1/2"]
[WhiteElo "2615"]
[BlackElo "2575"]

1.e4 c5 2.Nf3 e6 3.d4 cxd4 4.Nxd4 Nc6 5.Nb5 d6 6.c4 Nf6 7.N1c3 a6 8.Na3 Be7
9.Be2 O-O 10.O-O b6 11.Bf4 Bb7 12.Re1 Nb4 13.Qb3 d5 14.Rad1 d4 15.e5 Ne4
16.Nxe4 Bxe4 17.Bf3 Bxf3 18.Qxf3  1/2-1/2

[Event "Pamplona9495"]
[Site "Pamplona"]
[Date "1994.??.??"]
[Round "?"]
[White "De la Villa Garcia, Jesus Maria"]
[Black "Morozevich, Alexander"]
[Result "1-0"]
[WhiteElo "2490"]
[BlackElo "2575"]

1.e4 c5 2.Nf3 e6 3.d4 cxd4 4.Nxd4 Nc6 5.Nc3 d6 6.Be3 Nf6 7.Qd2 Be7 8.f3 O-O
9.O-O-O a6 10.g4 Nxd4 11.Qxd4 b5 12.g5 Nd7 13.h4 Rb8 14.Kb1 b4 15.Ne2 Bb7
16.h5 a5 17.g6 Bf6 18.gxf7+ Rxf7 19.Qxd6 Qe8 20.Bh3 Nf8 21.Nf4 Bg5 22.Bc1 e5
23.Nd5 Bxc1 24.Kxc1 h6 25.Bg4 Kh8 26.Rh2 Rd8 27.Nc7 Rxd6 28.Nxe8 Rxd1+ 29.Kxd1 Bc6
30.Nd6 Rc7 31.Rd2 Kg8 32.b3 Bd7 33.Nc4 Bxg4 34.fxg4 Nd7 35.Ke2 a4 36.Kf3 Kf8
37.Rd5 axb3 38.axb3 Ke7 39.Rb5 Nc5 40.Rxb4 Ne6 41.Ke3 Kf6 42.Rb6 Ra7 43.b4 Ra1
44.Kd2 Rg1 45.Ne3 Ke7 46.c4 Ng5 47.Kd3 Ra1 48.Nd5+ Kf7 49.Rb7+ Kf8 50.Rb8+ Kf7
51.Rb7+ Kf8 52.Nc3  1-0

[Event "Pamplona9495"]
[Site "Pamplona"]
[Date "1994.??.??"]
[Round "?"]
[White "Zvjaginsev, Vadim"]
[Black "Morozevich, Alexander"]
[Result "1/2-1/2"]
[WhiteElo "2585"]
[BlackElo "2575"]

1.d4 Nf6 2.Nf3 g6 3.c4 Bg7 4.Nc3 d6 5.e4 O-O 6.Be2 e5 7.d5 a5 8.a3 Nh5 9.Ng1 Nf4
10.Bf3 f5 11.g3 fxe4 12.Nxe4 Nh5 13.Bg2 Nf6 14.Bg5 Bf5 15.Bxf6 Bxf6 16.Ne2 Nd7
17.N2c3 Bg7 18.Qe2 Bh6 19.Rd1 Qb8 20.h4 Nb6 21.h5 Kg7 22.c5 Nd7 23.Bh3 Bxe4
24.Nxe4 Nf6 25.hxg6 hxg6 26.Bg2 Qd8 27.Rd3 a4 28.O-O Ng8 29.Qe1 Ne7 30.Qb4 Nf5
31.cxd6 cxd6 32.Bh3 Nd4 33.Nxd6 b6 34.Bg4 Ra5 35.Nb7 Qxd5 36.Nxa5 bxa5 37.Qxa4 Qe4
38.Qd1 Rd8 39.Re1 Nf3+ 40.Qxf3 Qxe1+ 41.Kg2 e4 42.Qd1 Qxd1 43.Rxd1 Rxd1 44.Bxd1 Bc1  1/2-1/2

[Event "Donner mem"]
[Site "Amsterdam"]
[Date "1995.??.??"]
[Round "3"]
[White "Timman, Jan H"]
[Black "Morozevich, Alexander"]
[Result "1-0"]
[WhiteElo "2590"]
[BlackElo "2630"]

1.d4 Nf6 2.c4 e6 3.Nc3 Bb4 4.Qc2 Nc6 5.Nf3 d6 6.Bd2 O-O 7.a3 Bxc3 8.Bxc3 Re8
9.Rd1 Qe7 10.g3 e5 11.d5 e4 12.Ng5 e3 13.f4 h6 14.Nf3 Nb8 15.Bg2 a5 16.O-O a4
17.Nd4 Ne4 18.f5 Nd7 19.Rf4 Nef6 20.Nb5 Ne5 21.Bxe5 dxe5 22.Rff1 Ra5 23.Qc3 b6
24.d6 cxd6 25.Nxd6 Rd8 26.Qb4 Qf8 27.Nxc8 Rxc8 28.Qxb6 Rac5 29.Bd5 e4 30.Rd4 Qe7
31.Rdd1 h5 32.Rf4 Qe5 33.Qa7 R5c7 34.Qd4 Qe7 35.Qxe3 Rb8 36.Qd4 Rb3 37.Kg2 Qe8
38.Rd2 Rd7 39.e3 Qb8 40.h3 Qc7 41.g4 hxg4 42.hxg4 Qd8 43.Kg1 Rb5 44.Qe5 Rc5
45.Rf1 Qb6 46.Re2 Rc8 47.g5 Re8 48.Be6 Rd2 49.Rxd2 Qxe3+ 50.Rdf2 Qxg5+ 51.Rg2 Qe3+
52.Kh1 fxe6 53.fxe6 Qh3+ 54.Qh2 Qxh2+ 55.Kxh2 Rxe6 56.c5 e3 57.Re1 Kf7 58.c6 Nd5
59.Rg5 Rd6 60.c7 Nxc7 61.Rxe3 Ne6 62.Rf5+ Kg6 63.Rf2 Ng5 64.Rg3 Rd4 65.Rfg2 Rd5
66.Rg4 Ra5 67.Rf2 Ra8 68.Kg3  1-0

[Event "Donner mem"]
[Site "Amsterdam"]
[Date "1995.??.??"]
[Round "5"]
[White "Morozevich, Alexander"]
[Black "Polgar, Judit"]
[Result "1-0"]
[WhiteElo "2630"]
[BlackElo "2635"]

1.e4 c5 2.Nf3 Nc6 3.Bb5 e6 4.O-O Nge7 5.c3 a6 6.Ba4 b5 7.Bc2 d5 8.e5 d4 9.Be4 Bb7
10.cxd4 cxd4 11.d3 Qb6 12.Re1 Rc8 13.a3 h6 14.h4 g6 15.Bf4 Bg7 16.Nbd2 O-O
17.Nf1 Rfe8 18.N1h2 Kh8 19.Ng4 Ng8 20.Ng5 Rf8 21.h5 Qd8 22.hxg6 hxg5 23.Qf3 Bh6
24.Nxh6 fxg6 25.Qh3 Kg7 26.Nxg8 Rxf4 27.Nf6 Rh4 28.Qxe6 Na5 29.Rac1 Rc7  1-0

[Event "Donner mem"]
[Site "Amsterdam"]
[Date "1995.??.??"]
[Round "6"]
[White "Khalifman, Alexander"]
[Black "Morozevich, Alexander"]
[Result "1/2-1/2"]
[WhiteElo "2655"]
[BlackElo "2630"]

1.d4 d5 2.c4 Nc6 3.cxd5 Qxd5 4.e3 e5 5.Nc3 Bb4 6.Bd2 Bxc3 7.bxc3 Nf6 8.c4 Qd6
9.d5 Ne7 10.Qb1 O-O 11.e4 Nd7 12.Bd3 Nc5 13.Ne2 f5 14.O-O f4 15.f3 g5 16.Nc1 Rf7
17.Nb3 b6 18.Bb4 g4 19.fxg4 Bxg4 20.Rf2 Rg7 21.Nxc5 bxc5 22.Ba3 Ng6 23.Qb5 Nh4
24.Qxc5 Qg6 25.Qc6 Qxc6 26.dxc6 Re8 27.Bb2 Re6 28.c5 Reg6 29.Bxe5 Nf3+ 30.Rxf3 Bxf3
31.Bc4+ Kf8 32.Bxg7+ Kxg7 33.Bf1 Kf6 34.Kf2 Bxe4 35.Rd1 Bxc6 36.Rd8 Ke5 37.g3 fxg3+
38.hxg3 Rf6+ 39.Ke1 Re6 40.Kf2 Re8 41.Rd2 Rf8+ 42.Ke1 h6 43.Bg2 Bxg2 44.Rxg2 Kd4
45.Rb2 c6 46.Rb7 a5 47.Ra7 Rf3 48.Rxa5 Rxg3 49.Ra4+ Kxc5 50.Rh4  1/2-1/2

[Event "Donner mem"]
[Site "Amsterdam"]
[Date "1995.??.??"]
[Round "7"]
[White "Morozevich, Alexander"]
[Black "Seirawan, Yasser"]
[Result "0-1"]
[WhiteElo "2630"]
[BlackElo "2625"]

1.e4 c6 2.d3 d5 3.Nd2 e5 4.Ngf3 Bd6 5.g3 Nf6 6.Bg2 O-O 7.O-O Nbd7 8.Qe2 Re8
9.Rd1 a5 10.Nf1 Nf8 11.c3 Ng6 12.h4 h6 13.N3h2 Be6 14.Qf3 Bc5 15.Ne3 Qc8
16.Bf1 a4 17.Be2 b5 18.Ng2 h5 19.Ne3 Bb6 20.Nef1 d4 21.Rd2 a3 22.Rc2 Nf8
23.Qg2 Ng4 24.Nxg4 hxg4 25.Kh1 Nh7 26.f3 gxf3 27.Bxf3 Qd7 28.Be2 axb2 29.Bxb2 Bxa2
30.cxd4 exd4 31.Bf3 Bb3 32.Rcc1 Rxa1 33.Rxa1 c5 34.Nd2 Bc2 35.e5 Rxe5 36.Bc6 Qe6
37.Ra8+ Nf8 38.Re8 Qxe8 39.Bxe8 Rxe8 40.Qc6 Re1+ 41.Kh2 Re2+ 42.Kh3 Rxd2
43.Qxb6 Bxd3 44.Bc1 Bf1+ 45.Kg4 Rf2 46.Qd8 Be2+ 47.Kh3 Bf1+ 48.Kg4 Be2+ 49.Kh3 f5
50.h5 Bxh5 51.Kh4 Bf7 52.g4 fxg4 53.Bg5 Re2 54.Kxg4 Re4+ 55.Kg3 Re8 56.Qb6 Ne6
57.Bf4 b4 58.Bd6 d3 59.Qb5 d2 60.Qd3 Ng5 61.Bf4  0-1

[Event "Donner mem"]
[Site "Amsterdam"]
[Date "1995.??.??"]
[Round "8"]
[White "Van Wely, Loek"]
[Black "Morozevich, Alexander"]
[Result "0-1"]
[WhiteElo "2585"]
[BlackElo "2630"]

1.d4 d5 2.c4 Nc6 3.Nc3 dxc4 4.Nf3 Nf6 5.e4 Bg4 6.Be3 e6 7.Bxc4 Bb4 8.Qc2 O-O
9.Rd1 Ne7 10.Be2 Bxc3+ 11.bxc3 c5 12.O-O Qc7 13.Qb1 b6 14.h3 Bh5 15.g4 Bg6
16.Bd3 Rfd8 17.Ne5 Qb7 18.f3 cxd4 19.cxd4 Rac8 20.Rc1 Rxc1 21.Rxc1 Nd7 22.Nxd7 Qxd7
23.Qb5 Qd6 24.Kg2 h6 25.h4 f5 26.gxf5 exf5 27.Qc4+ Kh7 28.d5 Re8 29.Re1 fxe4
30.fxe4 Qd7 31.Kg3 h5 32.Kf2 Qh3 33.Ke2 Nf5 34.Kd2 Nd6 35.Qc6 Nxe4+ 36.Bxe4 Rxe4
37.d6 Qg2+ 38.Kc1 Qxa2 39.Kd1 Rc4  0-1

[Event "Donner mem"]
[Site "Amsterdam"]
[Date "1995.??.??"]
[Round "9"]
[White "Morozevich, Alexander"]
[Black "Salov, Valery"]
[Result "0-1"]
[WhiteElo "2630"]
[BlackElo "2685"]

1.e4 c5 2.Nf3 Nc6 3.Bb5 g6 4.O-O Bg7 5.Nc3 Nd4 6.Nxd4 cxd4 7.Ne2 a6 8.Ba4 e6
9.c3 b5 10.Bc2 dxc3 11.dxc3 Ne7 12.a4 Bb7 13.Nd4 Nc6 14.Be3 O-O 15.axb5 Nxd4
16.Bxd4 axb5 17.Rxa8 Bxa8 18.Bxg7 Kxg7 19.Qd4+ Kg8 20.Qe3 Qe7 21.Rd1 Bc6
22.Rd4 Ra8 23.h3 Ra2 24.Rb4 Qd6 25.Qc1 Qc5 26.h4 Kg7 27.Qd1 e5 28.h5 Qa7
29.Qd6 Ra1+ 30.Bd1 Kg8 31.h6 Qa8 32.Kh2 Qf8 33.Qd2 Qe7 34.g3 g5 35.f3 Kf8
36.Rb3 Qf6 37.Kg2 Qxh6 38.Ra3 Rxa3 39.bxa3 Qf6 40.c4 bxc4 41.a4 Qe7 42.Qc1 d5
43.exd5 Bxd5 44.Qd2 Bb7 45.a5 h6 46.Qb2 Kg7 47.Kf1 Qc7 48.Qb5 c3 49.Bc2 Bxf3
50.Kf2 g4 51.Qb4 Qa7+ 52.Qb6 Qd7 53.Qe3 Qd2+  0-1

[Event "Donner mem"]
[Site "Amsterdam"]
[Date "1995.??.??"]
[Round "10"]
[White "Shirov, Alexei"]
[Black "Morozevich, Alexander"]
[Result "1/2-1/2"]
[WhiteElo "2695"]
[BlackElo "2630"]

1.d4 d5 2.c4 Nc6 3.Nc3 dxc4 4.Nf3 Nf6 5.e4 Bg4 6.Be3 e6 7.Bxc4 Bb4 8.Qc2 O-O
9.O-O-O Bxc3 10.bxc3 Qe7 11.h3 Bxf3 12.gxf3 Rfb8 13.Bd3 b5 14.e5 Nd5 15.Bxh7+ Kh8
16.Be4 b4 17.Bxd5 exd5 18.Kd2 Na5 19.Ke2 Nc4 20.Bd2 c5 21.Rhg1 Rb6 22.Rg5 g6
23.dxc5 Nxd2 24.Qxd2 bxc3 25.Qxc3 Ra6 26.f4 Rc8 27.Rxd5 Qe6 28.Rd2 Rxa2 29.Rxa2 Qxa2+
30.Kf1 Kg8 31.f5 Rd8 32.Kg2 Qd5+ 33.Kh2 Qe4 34.e6 Qf4+ 35.Qg3 Qxg3+ 36.Rxg3 fxe6
37.fxe6 a5 38.Rxg6+ Kf8 39.Rg4 Ke7 40.Ra4 Ra8 41.f4 Kxe6 42.Kg3 Kd5 43.Kg4 Kxc5
44.Kg5 Kb5 45.Ra1 Rg8+ 46.Kf6 Rf8+ 47.Ke5 Re8+ 48.Kd5 Rd8+ 49.Ke5 Re8+ 50.Kd5 Rd8+
51.Ke4 Re8+ 52.Kf3 Rh8 53.Rh1 Kc5 54.f5 Kd6 55.Kf4 a4 56.Kg5 Ke7 57.f6+ Kf7
58.Rb1 Rxh3 59.Rb7+ Kf8  1/2-1/2

[Event "RUS-ch"]
[Site "Elista"]
[Date "1995.??.??"]
[Round "1"]
[White "Vasiukov, Evgeni"]
[Black "Morozevich, Alexander"]
[Result "1/2-1/2"]
[WhiteElo "2515"]
[BlackElo "2630"]

1.e4 e5 2.Nf3 Nc6 3.Bb5 Nf6 4.O-O Bc5 5.Nxe5 Nxe5 6.d4 a6 7.dxe5 axb5 8.exf6 Qxf6
9.Nc3 c6 10.Be3 Bxe3 11.fxe3 Qe7 12.Qd4 O-O 13.a3 d6 14.Rad1 Rd8 15.e5 d5
16.Qf4 Be6 17.Rf2 Rd7 18.h3 h6 19.Kh2 Rf8 20.Ne2 Qd8 21.Nd4 Re7 22.c3 Qc7
23.Rdf1 Bc8 24.Nf3 Bd7 25.Kg1 Ra8 26.Rd1 Ra4 27.Rd4 c5 28.Rxa4 bxa4 29.Rd2 Bc6
30.Kf2 Re6 31.Qh4 b5 32.Qf4 Qe7 33.Kg1 f6 34.exf6 Rxf6 35.Qb8+ Kh7 36.Re2 Qe4
37.Qe5 Qb1+ 38.Kh2 Qf1 39.Rd2 Qc1 40.Rf2 Kg8 41.Re2  1/2-1/2

[Event "RUS-ch"]
[Site "Elista"]
[Date "1995.??.??"]
[Round "3"]
[White "Ivanov, Sergey"]
[Black "Morozevich, Alexander"]
[Result "1-0"]
[WhiteElo "2545"]
[BlackElo "2630"]

1.d4 Nf6 2.c4 e6 3.Nc3 Bb4 4.Qc2 Nc6 5.Nf3 d6 6.Bd2 O-O 7.a3 Bxc3 8.Bxc3 Re8
9.e3 e5 10.dxe5 dxe5 11.Be2 a5 12.O-O Qe7 13.Ng5 a4 14.Bd3 e4 15.Bxf6 exd3
16.Bxe7 dxc2 17.Bb4 Bg4 18.f3 Bf5 19.e4 h6 20.exf5 hxg5 21.Bc3 Rad8 22.Rac1 Re2
23.Rf2 Rd1+ 24.Rf1 Nd4 25.Rfxd1 cxd1=Q+ 26.Rxd1 Nxf5 27.Rd5 Ne3 28.Rxg5 g6
29.h4 Nf5 30.h5 Kh7 31.hxg6+ fxg6 32.Kh2 c5 33.Kh3 Kh6 34.Rg4 Ne3 35.Re4 Nxg2
36.Kg3 Rc2 37.Re8 g5 38.Re6+ Kh7 39.Kg4 Nf4 40.Rb6 Re2 41.Kxg5  1-0

[Event "RUS-ch"]
[Site "Elista"]
[Date "1995.??.??"]
[Round "8"]
[White "Morozevich, Alexander"]
[Black "Fominyh, Alexander"]
[Result "1/2-1/2"]
[WhiteElo "2630"]
[BlackElo "2515"]

1.e4 c5 2.Nf3 Nc6 3.Bb5 e6 4.O-O Nge7 5.c3 d5 6.exd5 Qxd5 7.Re1 Bd7 8.Na3 Ng6
9.Bf1 Be7 10.d4 cxd4 11.Nb5 Rc8 12.Nbxd4 Nxd4 13.Nxd4 a6 14.g3 Qc5 15.Bg2 b5
16.h4 Bf6 17.Be3 Qc7 18.Nf5 O-O 19.Nd6 Rcd8 20.Nb7 Rb8 21.Nc5 Bc8 22.h5 Ne5
23.Bd4 Nd7 24.Nxd7 Qxd7 25.Bxf6 Qxd1 26.Raxd1 gxf6 27.h6 Rb6 28.Rd2 Re8 29.Rc1 e5
30.Rcd1 Kf8 31.Rd6 Rxd6 32.Rxd6 Ke7 33.Rc6 f5 34.Rc7+ Kf6 35.Bd5 Be6 36.Rc6 Rd8
37.Bxe6 fxe6 38.Rxa6 Rd1+ 39.Kg2 e4 40.Ra7 Rd2 41.Kg1 Rxb2 42.Rxh7 Kg6 43.Rb7 Kxh6
44.a4 Rc2 45.axb5 Rxc3 46.Rb8 Kg7 47.b6 Rb3 48.b7 Rb2 49.Kf1 e5  1/2-1/2

[Event "RUS-ch"]
[Site "Elista"]
[Date "1995.??.??"]
[Round "9"]
[White "Bareev, Evgeny"]
[Black "Morozevich, Alexander"]
[Result "1-0"]
[WhiteElo "2650"]
[BlackElo "2630"]

1.d4 d5 2.Nf3 Nc6 3.g3 Bf5 4.Bg2 Nb4 5.Na3 e6 6.O-O Be7 7.c3 Na6 8.Qb3 Qc8
9.Re1 c6 10.Bg5 Be4 11.Bxe7 Nxe7 12.Nb1 Bxf3 13.Bxf3 O-O 14.e4 Rd8 15.Na3 c5
16.exd5 Nxd5 17.Rad1 Rb8 18.dxc5 Nxc5 19.Qc4 Qc6 20.Qe2 Qa6 21.Qxa6 bxa6
22.Bxd5 Rxd5 23.Rxd5 exd5 24.b3 Kf8 25.Rd1 Ne4 26.Nb1 Nf6 27.Rd4 Rc8 28.f3 Ke7
29.Kf2 Ke6 30.Ra4 Rc6 31.Na3 h5 32.Ke2 g5 33.Nc2 Rxc3 34.Kd2 Rc7 35.Rxa6+  1-0

[Event "PCA/Intel-GP"]
[Site "London"]
[Date "1995.??.??"]
[Round "1"]
[White "Piket, Jeroen"]
[Black "Morozevich, Alexander"]
[Result "1-0"]
[WhiteElo "2625"]
[BlackElo "2630"]

1.d4 d5 2.c4 Nc6 3.Nc3 dxc4 4.Nf3 Nf6 5.e4 Bg4 6.Be3 e6 7.Bxc4 Bb4 8.Qc2 O-O
9.Rd1 Qe7 10.Bb5 e5 11.Bxc6 bxc6 12.dxe5 Nd7 13.a3 Ba5 14.Bf4 Bxf3 15.gxf3 Nxe5
16.Bxe5 Qxe5 17.O-O Rae8 18.Ne2 Re6 19.Ng3 Qf4 20.Qc5 Bb6 21.Qf5 Qh6 22.Rd3 Rf6
23.Qd7 g6 24.b4 Rf4 25.Qe7 Rh4 26.Rd8 Rxd8 27.Qxd8+ Kg7 28.e5 Rf4 29.Kg2 g5
30.h3 Qg6 31.Rd1 h5 32.Qe7 g4 33.Rd8 gxf3+ 34.Kh2 Qc2 35.Qg5+ Kh7 36.Qxh5+ Kg7
37.Qh8+  1-0

[Event "PCA/Intel-GP"]
[Site "Moscow"]
[Date "1995.??.??"]
[Round "?"]
[White "Morozevich, Alexander"]
[Black "Anand, Viswanathan"]
[Result "0-1"]
[WhiteElo "2605"]
[BlackElo "2715"]

1.e4 c5 2.Nf3 d6 3.d4 cxd4 4.Nxd4 Nf6 5.Nc3 a6 6.Bg5 e6 7.Qf3 Nbd7 8.O-O-O Be7
9.Be2 Qc7 10.Qg3 h6 11.Be3 b5 12.a3 Rb8 13.f4 b4 14.axb4 Rxb4 15.Bf3 Rg8
16.Rhe1 g5 17.f5 e5 18.Nb3 g4 19.Be2 Rxb3 20.cxb3 Nxe4 21.Kb1 Nxg3 22.Nd5 Qb8
23.hxg3 Bb7 24.Bc4 Bxd5 25.Bxd5 Bg5 26.Bf2 Nf6 27.Bc6+ Kf8 28.Rd3 Kg7 29.Red1 d5
30.Ka2 d4  0-1

[Event "PCA/Intel-GP"]
[Site "Moscow"]
[Date "1995.??.??"]
[Round "?"]
[White "Gulko, Boris F"]
[Black "Morozevich, Alexander"]
[Result "1/2-1/2"]
[WhiteElo "2595"]
[BlackElo "2605"]

1.c4 e5 2.Nc3 Nf6 3.Nf3 Nc6 4.g3 d5 5.cxd5 Nxd5 6.Bg2 Nb6 7.O-O Be7 8.a3 O-O
9.b4 Re8 10.d3 Bf8 11.Bb2 a5 12.b5 Nd4 13.Nd2 Bd7 14.a4 c6 15.e3 Ne6 16.Nf3 Nc7
17.bxc6 Bxc6 18.e4 Qd7 19.Qb3 Bb4 20.Rfd1 Na6 21.d4 exd4 22.Nxd4 Nc5 23.Qc2 Bxc3
24.Nxc6 Qxc6 25.Qxc3 Ne6 26.Qxc6 bxc6 27.Bc3 Nc5 28.Bd4 Nbd7 29.e5 Nb3 30.Bxc6 Rad8
31.Rab1 Nxd4 32.Rxd4 Nxe5 33.Bxe8 Rxd4 34.Rb8 g5 35.Rb5 Re4 36.Kg2 Kf8 37.Rb8 Kg7
38.Ra8 g4 39.Rxa5 Re1 40.h3 h5 41.Bb5 Nf3 42.Bf1 Nd2 43.hxg4 hxg4 44.Rg5+ Kf6
45.Rxg4 Nxf1 46.Rd4 Ra1 47.a5 Nxg3  1/2-1/2

[Event "Moscow PCA-Intel qual"]
[Site "Moscow"]
[Date "1995.??.??"]
[Round "8"]
[White "Dolmatov, Sergey"]
[Black "Morozevich, Alexander"]
[Result "1/2-1/2"]
[WhiteElo "2605"]
[BlackElo "2605"]

1.e4 Nf6 2.e5 Nd5 3.d4 d6 4.Nf3 Bg4 5.Be2 e6 6.O-O Be7 7.c4 Nb6 8.Nc3 O-O
9.Be3 a6 10.exd6 cxd6 11.b3 d5 12.c5 Nc8 13.b4 Nc6 14.Qb3 Bf6 15.Rfd1 N8e7
16.Rd2 Nf5 17.Rad1 Bxf3 18.Bxf3 Bg5 19.Bxg5 Qxg5 20.g3 h5 21.Bg2 h4 22.Ne2 hxg3
23.hxg3 g6 24.a3 Kg7 25.Qf3 Rh8 26.Qf4 Qf6 27.g4 g5 28.Qf3 Nh4 29.Qxf6+ Kxf6
30.f3 Ne7 31.Kf2 Nhg6 32.Ke3 Rh2 33.Bf1 Rah8 34.Ng3 Rxd2 35.Rxd2 Nf4 36.Ne2 Rh1
37.Ng3 Rh8 38.Ne2 Rh1 39.Ng3 Rh8 40.Ne2 e5 41.dxe5+ Kxe5 42.Nxf4 gxf4+ 43.Kd3 Nc6
44.Kc3 Rh1 45.Rd1 Rh2 46.Re1+ Kf6 47.Re2 Rh1 48.Rf2 Kg5 49.a4 Kh4 50.Bd3 Kg3
51.Re2 Rc1+ 52.Kd2 Ra1 53.b5 axb5 54.axb5 Nd4 55.Re7 Nb3+ 56.Kc2 Nxc5 57.Rxf7 Ra2+
58.Kb1 Rd2 59.Bf5 Kxf3 60.g5 Ne4 61.g6 Nd6 62.Bg4+ Kxg4 63.g7 Nxf7 64.g8=Q+ Ng5
65.Qc8+  1/2-1/2

[Event "PCA/Intel-GP"]
[Site "New York"]
[Date "1995.??.??"]
[Round "2"]
[White "Morozevich, Alexander"]
[Black "Christiansen, Larry Mark"]
[Result "1/2-1/2"]
[WhiteElo "2605"]
[BlackElo "2570"]

1.e4 c5 2.Nf3 Nc6 3.Bb5 g6 4.O-O Bg7 5.Nc3 e5 6.d3 Nge7 7.Ne1 O-O 8.f4 exf4
9.Bxf4 d6 10.Nf3 Bg4 11.Qd2 Nd4 12.Nxd4 cxd4 13.Ne2 Rc8 14.Ba4 Nc6 15.Bb3 Qd7
16.Rf2 Be6 17.Bh6 Bxb3 18.axb3 d5 19.Bxg7 Kxg7 20.Nf4 dxe4 21.dxe4 Rce8 22.Re1 Qd6
23.h3 f6 24.Qd1 Rf7 25.Qg4 Qe5 26.Ref1 Nd8 27.h4 Ne6 28.Nd3 Qc7 29.h5 Qe7
30.e5 Ref8 31.hxg6 hxg6 32.exf6+ Rxf6 33.Ne5 Nf4 34.Rxf4 Qxe5 35.Rxf6 Rxf6
36.Qd7+ Kh6 37.Qh3+ Kg7 38.Qd7+ Kh6 39.Qh3+ Kg7 40.Qd7+  1/2-1/2

[Event "PCA/Intel-GP"]
[Site "New York"]
[Date "1995.??.??"]
[Round "2"]
[White "Christiansen, Larry Mark"]
[Black "Morozevich, Alexander"]
[Result "1/2-1/2"]
[WhiteElo "2570"]
[BlackElo "2605"]

1.d4 d5 2.c4 Nc6 3.Nc3 dxc4 4.e3 e5 5.d5 Nce7 6.Bxc4 Ng6 7.Bb5+ Bd7 8.Qb3 Rb8
9.Nge2 Nf6 10.O-O Bc5 11.Bxd7+ Qxd7 12.Bd2 O-O 13.Rad1 b5 14.Qc2 b4 15.Na4 Bd6
16.Bc1 e4 17.Ng3 Rfe8 18.Nc5 Qe7 19.Nb3 Nh4 20.Rd4 Rb5 21.Rfd1 Bxg3 22.hxg3 Nf5
23.Rc4 Rxd5 24.Rxd5 Nxd5 25.Rc5 Qe6 26.Bd2 h5 27.Qc4 Rd8 28.Be1 h4 29.g4 Nfe7
30.Nd2 Qxg4 31.Qxe4 Qe2 32.Nf3 h3 33.gxh3 Rd6 34.Kh2 Re6 35.Nd4 Qxe1 36.Nxe6 Qxf2+
37.Qg2 Qxg2+ 38.Kxg2 fxe6 39.e4 Nf4+ 40.Kf3 Nd3 41.Rxc7 Ng6 42.b3 a5 43.Ra7 Nde5+
44.Ke3 Nc6 45.Rc7 Nge5 46.Kf4 Kh7 47.Rc8 Kg6 48.h4 Kf6 49.h5 g5+ 50.hxg6 Nxg6+
51.Ke3 Nge5 52.Rc7 Kg6 53.Kf4 Kf6 54.Ke3 Kg5 55.Rg7+ Kf6 56.Rc7  1/2-1/2

[Event "PCA/Intel-GP"]
[Site "Paris"]
[Date "1995.??.??"]
[Round "1"]
[White "Morozevich, Alexander"]
[Black "Kasparov, Gary"]
[Result "0-1"]
[WhiteElo "2630"]
[BlackElo "2795"]

1.e4 e5 2.f4 exf4 3.Nf3 d6 4.d4 g5 5.h4 g4 6.Ng5 h6 7.Nxf7 Kxf7 8.Bxf4 Bg7
9.Bc4+ Ke8 10.O-O Nc6 11.Be3 Qxh4 12.Rf7 Rh7 13.e5 Na5 14.Bd3 Kxf7 15.Qf1+ Ke7
16.Bxh7 Be6 17.Nd2 Rf8 18.exd6+ cxd6 19.Qe2 Kd8 20.c3 Ne7 21.Re1 Bc4 22.Bf2 Rxf2
23.Qxf2 g3  0-1